Tribhuvan University Central Library

Socio-economic status of the Sarki; a socio-anthropological case study in Sitapaila VDC of Kathmandu (Record no. 29942)

MARC details
000 -LEADER
fixed length control field 009830000a22003730004500
082 ## - DEWEY DECIMAL CLASSIFICATION NUMBER
Classification number 305.8
Item number K527s
-- D
041 ## - LANGUAGE CODE
Language code of text/sound track or separate title Eng
100 ## - MAIN ENTRY--PERSONAL NAME
Personal name Khanal, Bijaya
245 ## - TITLE STATEMENT
Title Socio-economic status of the Sarki; a socio-anthropological case study in Sitapaila VDC of Kathmandu
260 ## - PUBLICATION, DISTRIBUTION, ETC. (IMPRINT)
Place of publication, distribution, etc Kathmandu, Nepal
260 ## - PUBLICATION, DISTRIBUTION, ETC. (IMPRINT)
Date of publication, distribution, etc 2002
300 ## - PHYSICAL DESCRIPTION
Extent 60p.
Other physical details illus.
500 ## - GENERAL NOTE
General note Bibliography at the end of the text
518 ## - DATE/TIME AND PLACE OF AN EVENT NOTE
Date/time and place of an event note 20030905
530 ## - ADDITIONAL PHYSICAL FORM AVAILABLE NOTE
Additional physical form available note Dis
502 ## - DISSERTATION NOTE
Dissertation note Dissertation
-- Degree in Sociology, Tribhuvan University
650 ## - SUBJECT ADDED ENTRY--TOPICAL TERM
Topical term or geographic name as entry element Ethnic groups
650 ## - SUBJECT ADDED ENTRY--TOPICAL TERM
Topical term or geographic name as entry element Ethnography
650 ## - SUBJECT ADDED ENTRY--TOPICAL TERM
Topical term or geographic name as entry element Ethnicity
650 ## - SUBJECT ADDED ENTRY--TOPICAL TERM
Topical term or geographic name as entry element Ethnic minorities
650 ## - SUBJECT ADDED ENTRY--TOPICAL TERM
Topical term or geographic name as entry element Minority groups
650 ## - SUBJECT ADDED ENTRY--TOPICAL TERM
Topical term or geographic name as entry element Social classes
650 ## - SUBJECT ADDED ENTRY--TOPICAL TERM
Topical term or geographic name as entry element Caste
650 ## - SUBJECT ADDED ENTRY--TOPICAL TERM
Topical term or geographic name as entry element Social structure
650 ## - SUBJECT ADDED ENTRY--TOPICAL TERM
Topical term or geographic name as entry element Sociology
650 ## - SUBJECT ADDED ENTRY--TOPICAL TERM
Topical term or geographic name as entry element Case studies
650 ## - SUBJECT ADDED ENTRY--TOPICAL TERM
Topical term or geographic name as entry element Social status
650 ## - SUBJECT ADDED ENTRY--TOPICAL TERM
Topical term or geographic name as entry element Economic structure
651 ## - SUBJECT ADDED ENTRY--GEOGRAPHIC NAME
Geographic name Nepal
651 ## - SUBJECT ADDED ENTRY--GEOGRAPHIC NAME
Geographic name Kathmandu
651 ## - SUBJECT ADDED ENTRY--GEOGRAPHIC NAME
Geographic name Sitapaila VDC
650 ## - SUBJECT ADDED ENTRY--TOPICAL TERM
Topical term or geographic name as entry element Sarki
942 ## - ADDED ENTRY ELEMENTS (KOHA)
Koha item type General Collections
Holdings
Withdrawn status Lost status Damaged status Not for loan Home library Current library Date acquired Total Checkouts Barcode Date last seen Price effective from
        Tribhuvan University Central Library Tribhuvan University Central Library 06/20/2010   D8594 06/20/2010 06/20/2010